Statistics for NBA Arenas

Click here to take the quiz!

General Stats

  • This quiz has been taken 26,710 times
    (5,472 since last reset)
  • The average score is 10 of 29

Answer Stats

TeamYearArena% Correct
Knicks1968Madison Square Garden
90%
Lakers/Clippers1999Crypto.com Arena
71%
Celtics1995TD Garden
70%
Warriors2020Chase Center
53%
Bulls1994United Center
52%
Mavericks2001American Airlines Center
48%
Nets2012Barclays Center
44%
Timberwolves1990Target Center
42%
Pelicans1999Smoothie King Center
40%
Raptors1999Scotiabank Arena
35%
76ers1996Wells Fargo Center
35%
Rockets2003Toyota Center
34%
Grizzlies2004FedExForum
33%
Bucks2018Fiserv Forum
32%
Blazers1995Moda Center
31%
Pistons2017Little Caesars Arena
30%
Nuggets1999Ball Arena
29%
Hawks1999State Farm Arena
29%
Spurs2002Frost Bank Center
28%
Wizards1997Capital One Arena
26%
Kings2016Golden 1 Center
26%
Jazz1991Delta Center
25%
Magic2010Amway Center
24%
Cavaliers1994Rocket Mortgage FieldHouse
23%
Suns1992Footprint Center
22%
Heat1999Kaseya Center
22%
Hornets2005Spectrum Center
21%
Pacers1999Gainbridge Fieldhouse
16%
Thunder2002Paycom Center
16%

Score Distribution

Percentile by Number Answered

Percent of People with Each Score

Your Score History

You have not taken this quiz since the last reset